| 000 | 03085nam a22003731 4500 | ||
|---|---|---|---|
| 005 | 20050808122104.0 | ||
| 008 | 721219s1962 nyu 000 0 eng | ||
| 010 | _aB-346976-987 | ||
| 020 |
_a9780007191215 _c295.00 |
||
| 020 |
_a0007191219 _c295.00 |
||
| 035 | _aB-346976-987 | ||
| 037 | _bAakar Books | ||
| 040 |
_adpl _bEnglish |
||
| 082 | _aN | ||
| 100 | _aMiller, Stephen | ||
| 245 |
_aA game of soldiers / _cby Stephen Miller |
||
| 260 |
_aLondon _bHarper-Collins Publishers _c2007 |
||
| 270 |
_a77-85 Fullham, Palace Road _bHammersmith, London _eW6 8JB |
||
| 300 |
_a599p. _c20 cm. (pbk) |
||
| 942 |
_2ddc _cEN _hN _mMIL |
||
| 999 |
_c23833 _d23833 |
||